Personnages de Titeuf - Statistiques

Statistiques générales
  • Ce quiz a été pris 617 fois
  • Le résultat moyen est 11 sur 22
Statistiques - réponses
Hint Réponse % Correct
Jeune Garçon à mèche blonde héros de la série Titeuf
100%
Fille dont le héros est amoureux Nadia
98%
Il a souvent la nausée.. Vomito/Hervé
95%
Il est bien pesant et toujours habillé en rouge Hugo
94%
Meilleur Ami du Héros Manu
90%
Meilleure Amie aux grandes oreilles de celle-ci Dumbo/Valérie
86%
Il pfforte un apfareil dentfaire Jean-Claude
75%
Petite soeur du Héros Zizie
71%
Ami à lunette passionné d'informatique François
69%
Frimeur dont Nadia est amoureuse Marco
51%
Il sent mauvais du derrière Puduk'
48%
Adolescent qui martyrise le héros et ses amis Le Grand Diego
47%
Il a souvent le rhume Morvax
44%
Tante du héros qui le traite comme un enfant Monique
37%
Cousine Rousse du héros Julie
29%
Père du Héros Roger
22%
Mère du Héros Anne-Mathilde
18%
Racketeur à Lunettes Ray Charles / Le Grand Myope
17%
La Maitresse Madame Biglon
14%
Surnom du professeur de Gym Musclor
13%
Surnom du professeur de travaux manuel Monsieur Pourri
4%
Le Concierge Monsieur Dubidet
3%
Aucun quiz correspondant
Distribution des résultats
% des personnes avec chaque résultat
Percentile par nombre de réponses
Votre historique - résultats
Vous n’avez pas pris ce quiz